将棋歴代王将クイズ - Statistics

General Stats
  • This quiz has been taken 18 times
  • The average score is 54 of 74
Answer Stats
年度 王将 % Correct
74 2024 藤井聡太
100%
73 2023 藤井聡太
100%
72 2022 藤井聡太
100%
71 2021 藤井聡太
100%
58 2008 羽生善治
100%
57 2007 羽生善治
100%
56 2006 羽生善治
100%
55 2005 羽生善治
100%
54 2004 羽生善治
100%
52 2002 羽生善治
100%
50 2000 羽生善治
100%
49 1999 羽生善治
100%
48 1998 羽生善治
100%
47 1997 羽生善治
100%
46 1996 羽生善治
100%
45 1995 羽生善治
100%
70 2020 渡辺明
93%
69 2019 渡辺明
93%
68 2018 渡辺明
93%
63 2013 渡辺明
93%
62 2012 渡辺明
93%
53 2003 森内俊之
79%
44 1994 谷川浩司
79%
43 1993 谷川浩司
79%
42 1992 谷川浩司
79%
41 1991 谷川浩司
79%
67 2017 久保利明
71%
66 2016 久保利明
71%
61 2011 佐藤康光
71%
60 2010 久保利明
71%
59 2009 久保利明
71%
51 2001 佐藤康光
71%
31 1981 大山康晴
71%
30 1980 大山康晴
71%
29 1979 大山康晴
71%
27 1977 中原誠
71%
26 1976 中原誠
71%
25 1975 中原誠
71%
24 1974 中原誠
71%
23 1973 中原誠
71%
22 1972 中原誠
71%
21 1971 大山康晴
71%
20 1970 大山康晴
71%
19 1969 大山康晴
71%
18 1968 大山康晴
71%
17 1967 大山康晴
71%
16 1966 大山康晴
71%
15 1965 大山康晴
71%
14 1964 大山康晴
71%
13 1963 大山康晴
71%
11 1961 大山康晴
71%
10 1960 大山康晴
71%
9 1959 大山康晴
71%
8 1958 大山康晴
71%
7 1957 大山康晴
71%
4 1954 大山康晴
71%
3 1953 大山康晴
71%
2 1952 大山康晴
71%
65 2015 郷田真隆
57%
64 2014 郷田真隆
57%
39 1989 米長邦雄
57%
33 1983 米長邦雄
57%
32 1982 米長邦雄
57%
28 1978 加藤一二三
57%
6 1956 升田幸三
43%
5 1955 升田幸三
43%
1 1951 升田幸三
43%
40 1990 南芳一
29%
38 1988 南芳一
29%
37 1987 南芳一
29%
12 1962 二上達也
21%
36 1986 中村修
14%
35 1985 中村修
14%
34 1984 中村修
14%
No matching quizzes found
Score Distribution
Percent of People with Each Score
Percentile by Number Answered
Your Score History
You have not taken this quiz